الحزب الوطنى المصرى: (Record no. 15950)
[ view plain ]
| 000 -الفاتح | |
|---|---|
| حقل البيانات ثابتة الطول | 00925nam a22002057a 4500 |
| 008 - عناصر البيانات ثابتة الطول - معلومات عامة | |
| حقل البيانات ثابتة الطول | 110905t1983 xxu||||g |||| 000 0 eng d |
| 020 ## - الرقم الدولى المعيارى للكتب | |
| الرقم الدولى المعيارى للكتاب | 977011605 |
| 082 ## - رقم تصنيف ديوى العشرى | |
| رقم الطبعة | 22 |
| رقم التصنيف | 320.54 |
| رقم المادة | ش م ي |
| 100 ## - المدخل الرئيسى - إسم شخصى | |
| 9 (RLIN) | 27008 |
| الإسم الشخصى | شميت(الإبن )،أرثر ادوارد جولد |
| 245 ## - بيان العنوان | |
| العنوان | الحزب الوطنى المصرى: |
| بقية العنوان | مصطفى كامل-محمد فريد |
| 260 ## - PUBLICATION, DISTRIBUTION, ETC. (IMPRINT) | |
| مكان الناشر او الموزع | القاهرة: |
| اسم الناشر او الموزع | الهيئة المصرية العامة للكتاب ،1983. |
| تاريخ النشر أو التوزيع | 1983. |
| 300 ## - الوصف المادى | |
| التعداد | 330ص، |
| أبعاد الوعاء | 24سم. |
| 650 ## - المدخل الاضافى بالموضوع-مصطلح موضوعى | |
| 9 (RLIN) | 27011 |
| مصطلح موضوعي أو اسم جغرافي كعنصر مدخل | القومية العربية |
| التقسيم الفرعي الجغرافي | مصر |
| 650 ## - المدخل الاضافى بالموضوع-مصطلح موضوعى | |
| 9 (RLIN) | 27012 |
| مصطلح موضوعي أو اسم جغرافي كعنصر مدخل | الاحتلال العسكرى البريطانى |
| 653 ## - مصطلح تكشيفى غير مقيد | |
| Resource For college | |
| Arrived date list | September2011 |
| 700 ## - المدخل الاضافى - اسم شخصى | |
| 9 (RLIN) | 27009 |
| الإسم الشخصى | ،دواره،فؤاد |
| العنوان والكلمات الأخرى المصاحبة للاسم | مترجم |
| 700 ## - المدخل الاضافى - اسم شخصى | |
| 9 (RLIN) | 27010 |
| الإسم الشخصى | ،رضوان،فتحى |
| العنوان والكلمات الأخرى المصاحبة للاسم | مقدم |
| 942 ## - عناصر المدخل الإضافي( كوها) | |
| مصدر التصنيف او مخطط الترفيف | Dewey Decimal Classification |
| Koha [default] item type | Book - Borrowing |
| حالة التراجع | حالة الفقد | مصدر التصنيف او خطة الترفيف | حالة تلف | ليس للاعارة | مجموعات كوها | المكان الدائم | المكان الحالي | موقع الترفيف | تاريخ الاكتساب | Source of acquisition | رقم الاستدعاء | الباركود | Date last seen | نوع الوعاء |
|---|---|---|---|---|---|---|---|---|---|---|---|---|---|---|
| Dewey Decimal Classification | Central Library | Central Library | First floor | 05/09/2011 | Purchase | 320.54 ش م ي | 000024407 | 15/07/2025 | Book - Borrowing |